Medzinárodné zdanenie príjmov

Vznik daňovej povinnosti. Medzinárodné a vnútroštátne dvojité zdanenie a jeho riešenie. Význam Modelovej zmluvy OECD. Všeobecné ustanovenia a definície niektorých pojmov. Slovensko ma v súčasnosti uzatvorených 55 medzinárodných zmlúv o zamedzení dvojitého zdanenia.

Gespeichert in:
Bibliographische Detailangaben
1. Verfasser: Bartová, Mária
Format: Buchkapitel
Sprache:Slowakisch
Schlagworte:
Tags: Tag hinzufügen
Keine Tags, Fügen Sie das erste Tag hinzu!

MARC

LEADER 00000naa$a2200000$$$4500
001 0034888
005 20230919095246.6
041 0 |a slo 
044 |a SK 
245 1 0 |a Medzinárodné zdanenie príjmov  |c Mária Bartová 
520 |a Vznik daňovej povinnosti. Medzinárodné a vnútroštátne dvojité zdanenie a jeho riešenie. Význam Modelovej zmluvy OECD. Všeobecné ustanovenia a definície niektorých pojmov. Slovensko ma v súčasnosti uzatvorených 55 medzinárodných zmlúv o zamedzení dvojitého zdanenia. 
610 2 0 |a dane z príjmov 
610 2 0 |a zmluvy medzinárodné 
610 2 0 |a zdanenie dvojité 
100 1 |a Bartová, Mária